000 00623nam a2200253Ia 4500
003 OSt
005 20221007080616.0
006 a|||||r|||| 00| 0
007 ta
008 221006b |||||||| |||| 00| 0 eng d
020 _a8173280363
024 _a9,703
037 _cTextual
040 _aFLL
_cFLL
_beng
041 _2eng
_aeng
082 _aYb4, N0
100 _aKothari C.R.
245 0 _aResearch methodology
250 _a2nd
260 _aNew Delhi
_bWishwa Prakashan India
_c1990
300 _axii,468p
_ccm.
942 _hYb4, N0
_cTEXL
_2CC
999 _c1160265
_d1160265